[Event "2018 Frodsham Congress"]
[Site "Frodsham"]
[Date "2018.02.04"]
[Round "5.10"]
[White "Bennett, Dominic L"]
[Black "McDonagh, Michael"]
[Result "1-0"]
[WhiteElo "1987"]
[BlackElo "1911"]
[PlyCount "103"]
[EventDate "2018.02.02"]

1. d4 d5 2. Nf3 Nf6 3. c4 e6 4. g3 Be7 5. Bg2 O-O 6. O-O dxc4 7. Ne5 Nc6 8.
Nxc6 bxc6 9. Na3 Rb8 10. Nxc4 c5 11. Na5 Bd7 12. Nb7 Qe8 13. Nxc5 Bc6 14. Nb3
Bxg2 15. Kxg2 c5 16. Qd3 Qc6+ 17. Qf3 Rfc8 18. Bf4 Qxf3+ 19. Kxf3 Rb6 20. dxc5
Bxc5 21. Rac1 Rbc6 22. Rfd1 h5 23. a3 Be7 24. Rxc6 Rxc6 25. Rc1 Rb6 26. Rc8+
Kh7 27. Rb8 Nd5 28. Rxb6 Nxb6 29. Na5 Bf6 30. b3 Nd5 31. Bd2 Bd4 32. Nc6 Bb6
33. e4 Nf6 34. Be3 Ng4 35. Bxb6 axb6 36. h3 Nf6 37. a4 Nd7 38. b4 Kg8 39. Ke3
e5 40. Kd3 f6 41. Kc4 Kf7 42. Kb5 Ke6 43. a5 bxa5 44. bxa5 Kd6 45. a6 Kc7 46.
Nb4 Kc8 47. Nd5 Kb8 48. Kc6 Nf8 49. Kd6 h4 50. Ke7 Nh7 51. gxh4 Ka7 52. Kf7 1-0

[Event "2018 Frodsham Congress"]
[Site "Frodsham"]
[Date "2018.02.04"]
[Round "5.11"]
[White "Newton, Robert A"]
[Black "Hilton, Tim"]
[Result "1-0"]
[WhiteElo "1973"]
[BlackElo "1896"]
[PlyCount "53"]
[EventDate "2018.02.02"]

1. d4 e6 2. h3 c5 3. c3 cxd4 4. cxd4 Nf6 5. Nc3 d5 6. Nf3 Nc6 7. e3 Bd6 8. Bd3
a6 9. Bd2 Bd7 10. Rc1 b5 11. O-O O-O 12. a3 Rc8 13. b4 h6 14. e4 dxe4 15. Nxe4
Nxe4 16. Bxe4 a5 17. Qb3 axb4 18. axb4 Qe7 19. Rb1 Qf6 20. Be3 Nxb4 21. Ne5
Bxe5 22. dxe5 Qxe5 23. Qxb4 f5 24. Bf3 Rc4 25. Qd2 Be8 26. Rfe1 f4 27. Bb6 1-0

[Event "2018 Frodsham Congress"]
[Site "Frodsham"]
[Date "2018.02.04"]
[Round "5.13"]
[White "Bryant, Richard Be"]
[Black "Somton, Anita"]
[Result "0-1"]
[WhiteElo "1983"]
[BlackElo "1823"]
[PlyCount "110"]
[EventDate "2018.02.02"]

1. e4 c5 2. Nc3 Nc6 3. f4 d6 4. Nf3 g6 5. Bb5 Bd7 6. O-O Bg7 7. d3 e6 8. f5
Nge7 9. fxe6 Bxe6 10. Ng5 O-O 11. Nxe6 fxe6 12. Bg5 Rxf1+ 13. Qxf1 Nd4 14. Bc4
Qd7 15. Qd1 Nec6 16. a3 Rf8 17. Rb1 Qf7 18. Be3 a5 19. h3 Kh8 20. Ba2 Qf6 21.
Qd2 b6 22. Re1 h5 23. Nd1 Ne5 24. Bxd4 cxd4 25. Qe2 Kh7 26. Rf1 Qe7 27. Rxf8
Bxf8 28. Qf2 Bg7 29. Kf1 Nc6 30. Bc4 Bf6 31. a4 Kg7 32. c3 e5 33. Bd5 Qc7 34.
Qc2 Nb4 35. Qd2 Nxd5 36. exd5 Qb7 37. c4 Qd7 38. Qc2 Qf5+ 39. Nf2 Bh4 40. Kg1
Bxf2+ 41. Qxf2 Qxd3 42. Qh4 Qe3+ 43. Kh2 Qf4+ 44. Qxf4 exf4 45. Kg1 Kf6 46. Kf2
Ke5 47. Ke2 Ke4 48. h4 d3+ 49. Kd2 Kd4 50. b3 Ke4 51. b4 axb4 52. c5 bxc5 53.
a5 Kxd5 54. a6 Kc6 55. Kxd3 Kb6 0-1